000 01239nam a2200313 i 4500
003 EG-GICUC
005 20260212111903.0
008 260212s2002 ua ||||fr|||| 001 0 ara d
040 _a EG-GICUC
_bara
_c EG-GICUC
_d EG-GICUC
_erda
041 0 _aara
082 0 4 _a343.3
_bم أ . إ
_221
092 0 4 _221
099 _aLaw1 10 343.3 م أ . إ 2002 1005515
100 0 _aمأمون محمد سلامة.
_eمؤلف.
245 1 2 _aالإجراءات الجنائية في التشريع المصري.
_nالجزء الثاني /
_cالدكتور مأمون محمد سلامة.
264 1 _aالقاهرة :
_bدار النهضة العربية،
_c2002.
300 _a675 صفحة ؛
_c24 سم.
_bإيضاحيات، صور، مثيليات ؛
336 _2rda content
_atext
337 _2rda media
_aComputer
338 _2rda carrier
_aOnline Resource
504 _aيشتمل على ارجاعات ببليوجرافية.
546 _aالنص باللغة العربية
650 1 4 _aقانون الاجراءات الجنائية
_2qrmak
650 1 4 _aالقانون المصري
_2qrmak
651 1 _2qrmak
856 4 0 _uhttps://fll.law.cu.edu.eg/fulltext/bks/B10-05515.pdf
905 _a18
942 _2ddc
_cBK
_e21
_n0
999 _c62755
_d62755